000
00445nam a2200157Ia 4500
008
100122s9999 xx 000 0 und d
082
_b
8949
_a
823
100
_a
जोशी एकनाथ विश्वनाथ
245
_a
रानभूल (28/2)
250
_a
1
260
_b
मौज प्रकाशन
_c
1957
300
_a
221
630
_a
रानभूल (28/2)
730
_a
रानभूल (28/2)
942
_c
BOOK
999
_c
401091
_d
401088